000 00614cam a2200229 4500
008 090401t1998 xxu||||| |||| 00| 0 eng d
020 _a1860812392
035 _a(Sirsi) u89094
041 _aeng
050 _a690
110 _aBuilding Research Establishment
245 _aAircrete : thin joint mortar systems.
260 _aLondon
_bConstruction Research Communications Ltd
_c1998
300 _a8p. : ill. ; 30cm.
350 _a0
490 _aBRE Digest
_v432
650 _aBLOCK WALLS
650 _aMORTARS
690 _aBUILT ENVIRONMENT-BUILDING MATERIALS
942 _n0
948 _c20/10/1998
999 _c97420
_d97420